000
00224nam a2200097Ia 4500
008
190216s9999||||xx |||||||||||||| ||und||
100
_a
C N Ahammed Moulavi
245
0
_a
"Quaran Paribhasha Vol 1,2,3,4"
260
_b
Null
942
_c
BK
999
_c
6
_d
6